MESTSKÁ KNIŽNICA GIRALTOVCE  - online katalóg 

Kostoly a kaplnky hlavného mesta SSR Bratislavy (Record no. 14940)

000 -NÁVESTIE
fixed length control field 00992nam a2200241 a 4500
008 - ÚDAJE S PEVNOU DĹŽKOU – VŠEOBECNÉ INFORMÁCIE
fixed length control field 951121s1988||||[C 0 slo c
020 ## - MEDZINÁRODNÉ ŠTANDARDNÉ ČÍSLO KNIHY (ISBN)
Údaje o dostupnosti 70 Kčs.
040 ## - ZDROJ KATALOGIZÁCIE
Pôvodná katalogizujúca agentúra SNK
Jazyk katalogizácie slo
Prepisujúca agentúra SNK
Konvencie popisu AACR2
041 1# - KÓD JAZYKA
Kód jazyka textu/zvukovej stopy alebo samostatných nápisov slo
Kód jazyka originálu a/alebo sprostredkujúcich prekladov textu slo
044 ## - KÓD KRAJINY VYDAVATEĽA/PRODUCENTA
Kód krajiny MARC xo
Kód krajiny ISO SK
080 ## - ČÍSLO MEDZINÁRODNÉHO DESATINNÉHO TRIEDENIA (MDT)
Číslo Medzinárodného desatinného triedenia (MDT) 726.52/.54(437.6-25)
100 1# - OSOBNÉ MENÁ – VŠEOBECNÉ INFORMÁCIE
Osobné meno Bagin, Anton
Kód roly aut
245 10 - NÁZOV
Názov Kostoly a kaplnky hlavného mesta SSR Bratislavy
Údaj o zodpovednosti atď. Anton Bagin, Jozef Krejči ; Jozef Krajči, Jozef Krejči, Ján Motulko
250 ## - ÚDAJ O PORADÍ VYDANIA
Údaj o poradí vydania 1., vyd.
260 ## - VYDAVATEĽSKÉ ÚDAJE, DISTRIBÚCIA ATĎ.
Miesto publikovania, distribúcie atď. Bratislava
Názov vydavateľa, distibútora atď. Cirkevné nakladateľstvo
Miesto publikovania, distribúcie atď. S.l.
Názov vydavateľa, distibútora atď. Spolok sv. Vojtecha v Trnave [vyd.]
Dátum publikovania, distribúcie atď. 1988
Miesto výroby Trnava
Výrobca Polygrafické závody
300 ## - FYZICKÝ POPIS
Rozsah 216 s., 26,40 AH
Ďalšie fyzické detaily Fot.
Rozmery 24 cm
500 ## - VŠEOBECNÁ POZNÁMKA
Formátovaná poznámka o obsahu Lit. 74. Účelová publ. Mest. združenia kat. duchovenstva Pacem in teris hl. mesta SSR Bratislavy. Ilustr. na front. a predsádkach. 74 zázn. v slov., češ., ruš., nem. a maď.
700 1# - PRIDANÝ VSTUP – OSOBNÉ MENO
Osobné meno Krejči, Jozef
Kód roly aut
700 1# - PRIDANÝ VSTUP – OSOBNÉ MENO
Osobné meno Krajči, Jozef
Kód roly aut
700 1# - PRIDANÝ VSTUP – OSOBNÉ MENO
Osobné meno Krejči, Jozef
Kód roly com
700 1# - PRIDANÝ VSTUP – OSOBNÉ MENO
Osobné meno Motulko, Ján
Kód roly bkd
958 ## - Formálny deskriptor
Formálny deskriptor A
Holdings
Stav stiahnutia (Blokovanie) (Withrawn status) Stav straty Stav poškodenia (Damaged status) Nie pre výpožičky (Not for loan) Spôsob nadobudnutia (Collection code) Trvalé umiestnenie Aktuálne umiestnenie Dátum nadobudnutia Náklady, bežná kúpna cena Inventárne číslo (prírastkové číslo) Full call number Dátum posledného výskytu Cena s účinnosťou od Typ jednotky Koha
        Kúpa Mestská knižnica Giraltovce Mestská knižnica Giraltovce 2019-11-29 70.00 13980 I 0079 2019-11-29 2019-11-29 Odborná literatúra pre dospelých

Powered by Koha